00791nam a22002057a 450000500170000000800410001702000180005804000480007604100080012410000230013224500960015526000370025130000490028850001030033750400530044065000300049365000240052365000170054770000210056420220425080707.0220425s2014 mx a|||gr|||| 00| 0 spa d a9786071509895 aCO-BoUCMbspacDeissy GarciadDeissy Garcia aspa1 aÇengel, Yunus A.10aEcuaciones diferenciales para ingeniería y cienciascYunus A Çengel, William J Palm III aMéxico D.F.bMcGraw-Hillc2014 axi, 557 páginasbilustraciones, gráficas aBibliografía Básica - Facultad de Ciencias Naturales - Pregrado en Ciencias del Sistema Tierra aIncluye referencias bibliográficas e índices 7aEcuaciones diferenciales  7aCiencias naturales  7aIngeniería1 aPalm, William J.